La prueba pericial psicológica en los delitos de abuso sexual infantil.

Saved in:
書目詳細資料
主要作者: Macurán Nodarse, Greter (autora)
格式: 圖書
語言:西班牙语
出版: Santiago, Chile Jurídica de Chile 2011
版:1a. ed
主題:
標簽: 添加標簽
沒有標簽, 成為第一個標記此記錄!

MARC

LEADER 00000cam a2200000 a 4500
001 UCG8860
003 CL-VaPUC
005 20220421074149.0
008 120106e20111000CL |||||||||||||||||spa|d
999 |c 346448  |d 346446 
020 |a 9789561021402 
040 |c Pontificia Universidad Católica de Valparaíso 
082 0 4 |a 345.830253 MAC 2011  |2 21 
100 |a Macurán Nodarse, Greter  |e autora  |9 560116 
245 1 3 |a La prueba pericial psicológica en los delitos de abuso sexual infantil. 
250 |a 1a. ed 
260 0 3 |a Santiago, Chile  |b Jurídica de Chile  |c 2011 
300 |a 162 páginas 
583 |a last modification  |c 20121001 01:23:48  |k Rodrigo Vera 
650 7 |a DERECHO PENAL  |2 CL-VaPUC  |9 11 
650 0 |a Derecho procesal penal   |9 256392 
650 0 |a Tests psicológicos  |9 308644 
650 0 |a Maltrato infantil  |9 324690 
650 0 |a Abuso sexual  |9 475641 
942 |c BK  |2 ddc 
945 |d 20120106 00:00:00  |a dcastane 
952 |0 0  |1 0  |2 ddc  |4 0  |6 345_830253000000000_MAC_2011  |7 0  |8 A  |9 447137  |a BIBDER  |b BIBDER  |d 2019-11-22  |i 4816870  |l 1  |o 345.830253 MAC 2011  |p 4816870  |r 2023-07-10  |s 2023-07-03  |t 1  |w 2019-11-22  |y BK  |k DER